Statistics for Biggest Cities that Speak a Romance Language

Click here to take the quiz!

General Stats

  • This quiz has been taken 3,431 times
    (1,796 since last reset)
  • The average score is 30 of 50

Answer Stats

Answer% Correct
Paris
99%
Rome
97%
Mexico City
96%
Rio de Janeiro
96%
Madrid
95%
São Paulo
95%
Buenos Aires
93%
Barcelona
92%
Milan
92%
Bogotá
90%
Lima
90%
Lisbon
88%
Naples
87%
Santiago
87%
Brasília
86%
Caracas
82%
Guadalajara
74%
Kinshasa
73%
Port-au-Prince
71%
Belo Horizonte
68%
Medellin
68%
Monterrey
64%
Guatemala City
61%
Santo Domingo
61%
Recife
60%
Manaus
59%
Luanda
58%
Asunción
53%
Porto Alegre
53%
Salvador
53%
Fortaleza
52%
Montréal
52%
Cali
50%
Tijuana
50%
Guayaquil
45%
Belém
44%
Abidjan
43%
Yaoundé
41%
Curitiba
38%
Barranquilla
36%
Puebla
35%
San Juan
33%
Douala
27%
Maracaibo
27%
Goiânia
22%
Campinas
20%
Lubumbashi
19%
Toluca
15%
Mbuji-Mayi
11%
Vitória
10%

Score Distribution

Percentile by Number Answered

Percent of People with Each Score

Your Score History

You have not taken this quiz since the last reset